000 00603pab a2200205 454500
008 180718b2011 xxu||||| |||| 00| 0 eng d
100 _aGundluri, Nagarani
245 _aEmpowerment of dalit women through self-help groups: A case from Andhra Pradesh
260 _c2011
300 _ap.28-43.
362 _aJan-Mar
650 _aWomen - India - Andhra Pradesh
650 _aSelf-help - India - Andhra Pradesh
650 _aBackward classes - India - Andhra Pradesh
650 _aDalit - India - Andhra Pradesh
650 _aWomen
773 _aSocial Action
908 _aN
909 _a90630
999 _c90630
_d90630